[Event "Feira de Santana Baiano-ch"]
[Site "Feira de Santana"]
[Date "2019.10.13"]
[Round "5"]
[White "De Souza, Tiago da Arcela Sei"]
[Black "Bomfim, Carlos B Campos Roc"]
[Result "1-0"]
[WhiteElo "1853"]
[BlackElo "1795"]
[PlyCount "49"]
[EventDate "2019.10.11"]
[EventType "swiss"]
[EventRounds "6"]
[EventCountry "BRA"]
[SourceTitle "CBM 192 Extra"]
[Source "Chessbase"]
[SourceDate "2019.11.06"]
[SourceVersion "1"]
[SourceVersionDate "2019.11.06"]
[SourceQuality "1"]

1. d4 Nf6 2. Bf4 g6 3. e3 Bg7 4. Nf3 d6 5. Be2 0-0 6. c4 Nbd7 7. 0-0 Re8 8. h3 b6 9. Nc3 Bb7 10. a4 a5 11. Rc1 c5 12. d5 Nb8 13. e4 Nfd7 14. Qd2 Na6 15. Bh6 Bh8 16. Ng5 Nf6 17. f4 Bc8 18. e5 Ra7 19. exf6 exf6 20. Nge4 Bf5 21. Ng3 Bc8 22. f5 g5 23. h4 Rae7 24. hxg5 fxg5 25. Qxg5+ 1-0

[Event "Feira de Santana Baiano-ch"]
[Site "Feira de Santana"]
[Date "2019.10.13"]
[Round "6"]
[White "Freitas, Remulo Aguiar"]
[Black "De Souza, Tiago da Arcela Sei"]
[Result "1-0"]
[WhiteElo "2092"]
[BlackElo "1853"]
[PlyCount "101"]
[EventDate "2019.10.11"]
[EventType "swiss"]
[EventRounds "6"]
[EventCountry "BRA"]
[SourceTitle "CBM 192 Extra"]
[Source "Chessbase"]
[SourceDate "2019.11.06"]
[SourceVersion "1"]
[SourceVersionDate "2019.11.06"]
[SourceQuality "1"]

1. d4 Nf6 2. Bg5 d5 3. Bxf6 exf6 4. e3 Bf5 5. Ne2 Bd6 6. Ng3 Be6 7. Bd3 c6 8. Nd2 Qb6 9. Rb1 Nd7 10. Nf5 Bf8 11. 0-0 g6 12. Ng3 h5 13. c4 h4 14. Ne2 Bh6 15. Qc2 h3 16. g3 f5 17. b4 Nf6 18. b5 Ne4 19. c5 Qc7 20. Nf4 Bxf4 21. exf4 g5 22. fxg5 Rg8 23. Nf3 Ke7 24. Ne5 f6 25. gxf6+ Kxf6 26. Bxe4 dxe4 27. Qd2 Rh8 28. Qf4 Rh7 29. f3 Qd8 30. Rbd1 exf3 31. bxc6 f2+ 32. Rxf2 bxc6 33. Re1 Qd5 34. Ng4+ Kg6 35. Re5 Qd7 36. Rxf5 Bxf5 37. Ne5+ Kg7 38. Nxd7 Bxd7 39. Re2 Kg8 40. Qg5+ Rg7 41. Qxg7+ Kxg7 42. Re7+ Kf6 43. Rxd7 Kf5 44. d5 cxd5 45. Rxd5+ Kg4 46. c6 Kf3 47. c7 Rc8 48. Rc5 a6 49. a4 Re8 50. Rc3+ Ke2 51. c8Q 1-0

[Event "Feira de Santana Baiano-ch"]
[Site "Feira de Santana"]
[Date "2019.10.12"]
[Round "4"]
[White "Marques, Eudes Pinto"]
[Black "De Souza, Tiago da Arcela Sei"]
[Result "1-0"]
[WhiteElo "1948"]
[BlackElo "1853"]
[PlyCount "58"]
[EventDate "2019.10.11"]
[EventType "swiss"]
[EventRounds "6"]
[EventCountry "BRA"]
[SourceTitle "CBM 192 Extra"]
[Source "Chessbase"]
[SourceDate "2019.11.06"]
[SourceVersion "1"]
[SourceVersionDate "2019.11.06"]
[SourceQuality "1"]

1. c4 Nf6 2. Nc3 d5 3. cxd5 Nxd5 4. e4 Nxc3 5. bxc3 g6 6. Ne2 Bg7 7. Ng3 0-0 8. Bc4 c5 9. a4 Qa5 10. 0-0 Bxc3 11. dxc3 Qxc3 12. Bxf7+ Rxf7 13. Bh6 Qd4 14. Qb3 Nc6 15. Rad1 Qf6 16. Qd5 e5 17. f4 Qe7 18. f5 Nd4 19. fxg6 hxg6 20. Rxf7 Qxf7 21. Qd8+ Kh7 22. Rf1 Nf5 23. exf5 gxf5 24. Bf8 b6 25. Bd6 Qg7 26. Rxf5 Bxf5 27. Qxa8 e4 28. Qd5 Bg6 29. Be5 Qg8 1-0

[Event "Bahia zt"]
[Site "Ilheus"]
[Date "2019.04.22"]
[Round "5"]
[White "Zallio, Luciano de Souza"]
[Black "De Souza, Tiago da Arcela Sei"]
[Result "0-1"]
[WhiteElo "2280"]
[BlackElo "1755"]
[PlyCount "82"]
[EventDate "2019.04.19"]
[EventType "swiss"]
[EventRounds "6"]
[EventCountry "BRA"]
[SourceTitle "CBM 190 Extra"]
[Source "ChessBase"]
[SourceDate "2019.07.15"]
[SourceVersion "1"]
[SourceVersionDate "2019.07.15"]
[SourceQuality "1"]

1. e4 e5 2. Nf3 Nc6 3. Bb5 a6 4. Ba4 Nf6 5. d3 b5 6. Bb3 Be7 7. c3 d6 8. h3 0-0 9. 0-0 Na5 10. Bc2 c5 11. Re1 Nc6 12. Nbd2 Qc7 13. b3 d5 14. Nf1 d4 15. Bb2 dxc3 16. Bxc3 Nd4 17. Ne3 g6 18. Rc1 Bb7 19. b4 Nxf3+ 20. Qxf3 cxb4 21. Bd2 Qd7 22. g4 Rad8 23. Red1 a5 24. h4 h5 25. gxh5 Nxh5 26. Nf5 Qxf5 27. Qxf5 gxf5 28. Bh6 Rfe8 29. exf5 Bxh4 30. Kh2 Kh7 31. Be3 Nf4 32. d4 Rg8 33. Rg1 Rxg1 34. Rxg1 Bf6 35. dxe5 Bxe5 36. f6+ Ng6+ 37. f4 Bxf6 38. Rg3 Rh8 39. Kg1 Kg7 40. Bd3 Rh1+ 41. Kf2 Bh4 0-1

[Event "Bahia zt"]
[Site "Ilheus"]
[Date "2019.04.21"]
[Round "4"]
[White "De Souza, Tiago da Arcela Sei"]
[Black "Fernandes, Mauricio Santos"]
[Result "1-0"]
[WhiteElo "1755"]
[BlackElo "1935"]
[PlyCount "103"]
[EventDate "2019.04.19"]
[EventType "swiss"]
[EventRounds "6"]
[EventCountry "BRA"]
[SourceTitle "CBM 190 Extra"]
[Source "ChessBase"]
[SourceDate "2019.07.15"]
[SourceVersion "1"]
[SourceVersionDate "2019.07.15"]
[SourceQuality "1"]

1. d4 Nf6 2. Bf4 g6 3. e3 Bg7 4. Nf3 d6 5. Be2 h6 6. h3 c5 7. 0-0 0-0 8. c3 Nbd7 9. Nbd2 Re8 10. Nc4 b5 11. Na3 a6 12. Nc2 Bb7 13. a4 e5 14. Bh2 Qb6 15. Na3 c4 16. a5 Qc6 17. Nc2 e4 18. Nd2 Nd5 19. Nb4 Nxb4 20. cxb4 Nf6 21. Nb1 Nd5 22. Qd2 Rac8 23. Rc1 Ne7 24. Nc3 d5 25. b3 f5 26. bxc4 dxc4 27. f3 Qe6 28. fxe4 fxe4 29. Rd1 Rcd8 30. Bc7 Rd7 31. Bb6 h5 32. Bc5 Bd5 33. g4 h4 34. Bf1 Bh6 35. Bg2 Nc6 36. Rf1 Ne7 37. Ne2 g5 38. Nc3 Rf8 39. Qc2 Re8 40. Rf2 Bg7 41. Raf1 Nc6 42. Rf5 Nd8 43. Qf2 Nf7 44. Qc2 Ba8 45. Qd2 Qg6 46. d5 Nd6 47. Bxd6 Bxc3 48. Rf8+ Kh7 49. Qxc3 Rxf8 50. Rxf8 Qg7 51. Bxe4+ Kh6 52. Rh8+ 1-0

[Event "Paulista Interclub-chT"]
[Site "Sao Paolo"]
[Date "2009.03.07"]
[Round "5"]
[White "De Souza, Tiago da Arcela Sei"]
[Black "El Debs, Felipe de Cresce"]
[Result "0-1"]
[WhiteElo "1719"]
[BlackElo "2465"]
[PlyCount "42"]
[EventDate "2009.02.28"]
[EventType "team-tourn"]
[EventRounds "7"]
[EventCountry "BRA"]
[SourceTitle "CBM 129 Extra"]
[Source "ChessBase"]
[SourceDate "2009.05.05"]
[SourceVersion "2"]
[SourceVersionDate "2009.05.20"]
[SourceQuality "1"]

1. e4 c5 2. Nf3 e6 3. Nc3 Nc6 4. Bb5 Nge7 5. 0-0 a6 6. Bxc6 Nxc6 7. d3 Be7 8. Be3 0-0 9. Qd2 d5 10. exd5 exd5 11. d4 Bg4 12. Ne1 Bf6 13. f3 cxd4 14. fxg4 dxe3 15. Qxe3 Bd4 16. Qxd4 Nxd4 17. Rd1 Qg5 18. Kh1 Qxg4 19. Nd3 Nxc2 20. Nf2 Qh4 21. Rd2 Ne3 0-1